000
003140000a22001450004500
003
MACL
040
_a
MACL
090
_c
32193
_d
32191
100
_a
The English Book Depot
245
_a
Army Cadet College
260
_b
The English Book Depot
350
_a
250
650
_a
Military Science
942
_c
BOOK
_k
355
999
_c
31866
_d
31866